000 00267nam a2200109Ia 4500
008 230320s9999||||xx |||||||||||||| ||spa||
082 _a370.19/M26
100 _aMardones, José María
245 0 _aDesafíos Para Recrear La Escuela
260 _bPPC
942 _80
_cLIB
999 _c39686
_d39686